Les conseils d'entreprise et le contrôle ouvrier en Autriche, (Record no. 35719)

MARC details
000 -LEADER
fixed length control field 00685cam a22002291 4500
001 - CONTROL NUMBER
control field l 23000274
003 - CONTROL NUMBER IDENTIFIER
control field DLC
005 - DATE AND TIME OF LATEST TRANSACTION
control field 20260227111529.0
008 - FIXED-LENGTH DATA ELEMENTS--GENERAL INFORMATION
fixed length control field 890523s1923 fr 000 0 fre
010 ## - LIBRARY OF CONGRESS CONTROL NUMBER
LC control number l 23000274
035 ## - SYSTEM CONTROL NUMBER
System control number (OCoLC)23413744
040 ## - CATALOGING SOURCE
Original cataloging agency DLC
Transcribing agency MiU
Modifying agency DLC
042 ## - AUTHENTICATION CODE
Authentication code premarc
043 ## - GEOGRAPHIC AREA CODE
Geographic area code e-au---
050 00 - LIBRARY OF CONGRESS CALL NUMBER
Classification number HD7880
100 1# - MAIN ENTRY--PERSONAL NAME
Personal name Niox Chateau, Jean Odon,
Dates associated with a name 1881-
245 14 - TITLE STATEMENT
Title Les conseils d'entreprise et le contrôle ouvrier en Autriche,
260 ## - PUBLICATION, DISTRIBUTION, ETC.
Place of publication, distribution, etc. Paris,
Name of publisher, distributor, etc. Des presses universitaires de France,
Date of publication, distribution, etc. 1923.
300 ## - PHYSICAL DESCRIPTION
Extent 2 p. l., 185, [1] p.
Dimensions 25 cm.
650 #0 - SUBJECT ADDED ENTRY--TOPICAL TERM
Topical term or geographic name entry element Labor and laboring classes
Geographic subdivision Austria.
650 #0 - SUBJECT ADDED ENTRY--TOPICAL TERM
Topical term or geographic name entry element Management
General subdivision Employee participation

No items available.

Powered by Koha